00269nam a2200109Ia 4500008004100000100001700041245002800058260003700086650001200123942000700135999001700142190216s9999||||xx |||||||||||||| ||und|| aParameswaran 0aThala Thirinja Boudikam bKerala Sasthra Sahithya Parishad aPhysics cBK c37896d37896